Graffiti: arte urbano de los cinco continentes

Shranjeno v:
Bibliografske podrobnosti
Main Authors: Ganz, Nicholas (Author), Manco, Tristan (Author)
Format: Knjiga
Jezik:španščina
Izdano: Barcelona Gustavo Gili 2008
Izdaja:1a. ed
Teme:
Oznake: Označite
Brez oznak, prvi označite!

MARC

LEADER 00000nam a2200000 a 4500
001 UCG0240
003 CL-VaPUC
008 100318e20080000SP |||||||||||||||||spa|d
020 |a 9788425219542 
082 0 4 |a 751.73  |b GAN  |2 21 
100 0 |a Ganz, Nicholas  |e author  |9 547576 
700 0 |a Manco, Tristan  |e author  |9 547577 
245 1 0 |a Graffiti: arte urbano de los cinco continentes 
250 |a 1a. ed 
300 |a 375 p 
942 |c BK 
945 |d 20100318 00:00:00  |a rbrito 
260 |a Barcelona  |b Gustavo Gili  |c 2008 
650 7 |a GRAFFITIS  |2 CL-VaPUC  |9 485990 
650 0 |a Murales  |9 367491 
650 7 |a ESCRITURA MANUSCRITA  |2 CL-VaPUC  |9 336432 
650 0 |a Arte urbano   |9 547578 
583 |a last modification  |c 20121105 04:32:34  |k Rodrigo Vera 
999 |c 339928  |d 339926 
952 |0 0  |1 0  |4 0  |6 751_730000000000000_GAN_2008  |7 0  |8 R  |9 434193  |a BIBART  |b BIBART  |d 2019-11-22  |i 4651812  |l 2  |o 751.73 GAN 2008  |p 4651812  |r 2023-01-11  |s 2022-10-24  |w 2019-11-22  |y BK_R  |k ART